000 00662nam a2200217Ia 4500
003 OSt
005 20220926021758.0
006 a|||||r|||| 00| 0
007 ta
008 220923b |||||||| |||| 00| 0 eng d
037 _cGeneral Book
040 _aRTL
_cRTL
_beng
041 _2eng
_aeng
082 _aVIN45,933:8.N72, L3 UN
111 _aUNITED NATIONS, ECONOMIC AND SOCIAL COUNCIL
_9326847
245 0 _aOfficial records
_b fifty -third session 3-28 july 1972
260 _aNew York
_bUnited Nations
_c1973
300 _axxxiv,157p
_ccm.
942 _hVIN45,933:8.N72, L3 UN
_cGB
_2CC
999 _c637617
_d637617